[Event "Challenge"]
[Site "http://www.queenalice.com/game.php?id=939677"]
[Date "2011.5.18"]
[Round "-"]
[White "flaabraao"]
[Black "rsiqueira"]
[Result "0-1"]
[WhiteElo "1237"]
[BlackElo "1283"]

1. e4 e5 2. Nf3 d6 3. h3 Nf6 4. Nc3 Na6 5. Bxa6 bxa6 6. d3 Be6 7. Bg5 Be7 8. O-O
O-O 9. Bxf6 Bxf6 10. b3 c5 11. g4 Bg5 12. h4 Bxh4 13. Ne2 Bxg4 14. Ng3 Bxg3 15.
fxg3 h5 16. c4 h4 17. gxh4 Bxf3 18. Qxf3 Qxh4 19. Qg2 g5 20. Rae1 f6 21. Re3 Qh7
22. Rh3 Qg7 23. Qh1 Rf7 24. Rh8+ Qxh8 25. Qf3 Qh4 0-1

[Event "Challenge"]
[Site "http://www.queenalice.com/game.php?id=939679"]
[Date "2011.5.18"]
[Round "-"]
[White "flaabraao"]
[Black "rsiqueira"]
[Result "1-0"]
[WhiteElo "1216"]
[BlackElo "1338"]

1. Nc3 e5 2. a3 Nc6 3. e4 Nh6 4. h3 Bc5 5. d3 Nd4 6. Bxh6 Qf6 7. Nd5 Qc6 8. Bxg7
Rg8 9. Nf6+ Kd8 10. Nxg8 Qg6 11. Bf6+ Ke8 12. Bxe5 Qxg8 13. Bxd4 Bxd4 14. c3 Be5
15. Qg4 Qf8 16. Nf3 d6 17. Qh4 h6 18. Nxe5 dxe5 19. d4 exd4 20. Rd1 Qd6 21. Rxd4
Qe6 22. Qd8# 1-0

[Event "Challenge"]
[Site "http://www.queenalice.com/game.php?id=939680"]
[Date "2011.5.18"]
[Round "-"]
[White "flaabraao"]
[Black "caseymor"]
[Result "0-1"]
[WhiteElo "1288"]
[BlackElo "1266"]

1. Nf3 f6 2. d4 d5 3. Nc3 Bg4 4. Nd2 c6 5. f3 Bc8 6. Nb3 b6 7. h3 g5 8. e4 a5 9.
f4 h6 10. Qh5+ Kd7 11. Qf7 h5 12. exd5 Nh6 13. Qe6+ Ke8 14. Qe3 g4 15. dxc6 Nxc6
16. Bb5 Bd7 17. Qe4 f5 18. Qd3 Nb4 19. Bxd7+ Qxd7 20. O-O Nxd3 21. Kh1 a4 22.
Nd2 Qxd4 23. Nb5 Qc5 24. Nc3 Qe3 25. Nd5 Qd4 26. Nc7+ Kd7 27. Nxa8 Bg7 28. c3
Qe3 29. Nc4 Qe2 30. Naxb6+ Kc6 0-1

[Event "Challenge"]
[Site "http://www.queenalice.com/game.php?id=939846"]
[Date "2011.5.18"]
[Round "-"]
[White "flaabraao"]
[Black "juliocat"]
[Result "1-0"]
[WhiteElo "1237"]
[BlackElo "1262"]

1. Nc3 c6 2. Nf3 e6 3. d4 f6 4. e4 b5 5. Bd3 b4 6. Ne2 h5 7. O-O a5 8. e5 Ne7 9.
exf6 gxf6 10. Nf4 e5 11. dxe5 fxe5 12. Nxe5 d6 13. Nfg6 Rg8 14. Qxh5 dxe5 15.
Nxe5+ Ng6 16. Bxg6+ Rxg6 17. Qxg6+ Ke7 18. Bg5# 1-0

[Event "AUTO-OPEN-2366"]
[Site "http://www.queenalice.com/game.php?id=940173"]
[Date "2011.5.19"]
[Round "1"]
[White "flaabraao"]
[Black "RenanFernandes"]
[Result "0-1"]
[WhiteElo "1301"]
[BlackElo "1353"]

1. c4 e5 2. e4 Nc6 3. Nf3 Nf6 4. d3 d6 5. a3 b6 6. Be2 a5 7. O-O h5 8. Bg5 Be7
9. Nc3 Bg4 10. Bxf6 Bxf6 11. Nd2 Nd4 12. Bxg4 hxg4 13. Qxg4 Nc2 14. Rab1 Rh4 15.
Qd1 Nd4 16. g3 Rh6 17. Qa4+ Qd7 18. Qxd7+ Kxd7 19. h4 Rah8 20. Nd5 Bg5 21. Kh2
Bxd2 22. f3 c6 23. Nxb6+ Kc7 24. Na4 Ne2 25. c5 Nxg3 26. Kxg3 Rxh4 27. cxd6+
Kxd6 28. Rfd1 Bf4+ 29. Kf2 Rh2+ 30. Kg1 Be3+ 0-1

[Event "AUTO-OPEN-2366"]
[Site "http://www.queenalice.com/game.php?id=940174"]
[Date "2011.5.19"]
[Round "1"]
[White "RenanFernandes"]
[Black "flaabraao"]
[Result "1-0"]
[WhiteElo "1367"]
[BlackElo "1301"]

1. e4 c5 2. Nc3 e6 3. Nf3 a6 4. Ne5 f6 5. Qh5+ g6 6. Nxg6 Nh6 7. Nxh8+ Ke7 8.
Bc4 b5 9. Bd3 c4 10. Be2 Nc6 11. d4 Nxd4 12. Bxh6 Nxc2+ 13. Kd1 Nxa1 14. Qf7+
Kd6 15. Bxf8+ Kc7 16. Bf3 Kb8 17. Bd6+ Ka7 18. Bc5+ Kb8 19. e5 Bb7 20. Bxb7 Kxb7
21. exf6 Qc7 22. Ne4 Rxh8 23. Nd6+ Ka8 24. Qg7 Rd8 25. f7 Qxc5 26. f8=Q Qd5+ 27.
Kc1 Rb8 28. Qf3 1-0

[Event "AUTO-OPEN-2366"]
[Site "http://www.queenalice.com/game.php?id=940175"]
[Date "2011.5.19"]
[Round "1"]
[White "flaabraao"]
[Black "jjlamanga"]
[Result "0-1"]
[WhiteElo "1310"]
[BlackElo "2043"]

1. e4 e6 2. d4 d5 3. e5 c5 4. Be3 Ne7 5. Bb5+ Bd7 6. Bxd7+ Nxd7 7. dxc5 Nf5 8.
Qd3 Nxe3 9. Na3 Nxg2+ 10. Kf1 Nh4 11. b4 a5 12. Qb5 axb4 13. Qxb4 Bxc5 14. Qg4
Rxa3 15. Qxg7 Ng6 16. Nf3 Rxf3 17. Qxh8+ Nxh8 18. Rd1 Rxf2+ 19. Ke1 Qa5+ 0-1

[Event "AUTO-OPEN-2366"]
[Site "http://www.queenalice.com/game.php?id=940176"]
[Date "2011.5.19"]
[Round "1"]
[White "jjlamanga"]
[Black "flaabraao"]
[Result "1-0"]
[WhiteElo "2043"]
[BlackElo "1268"]

1. d4 e6 2. c4 c5 3. d5 e5 4. Nc3 h6 5. f4 exf4 6. Bxf4 Na6 7. e4 g5 8. Bg3 d6
9. Qe2 h5 10. e5 Bg4 11. Nf3 h4 12. exd6+ Ne7 13. Be5 Rh7 14. Ne4 Nf5 15. Nf6+
Qxf6 16. Bxf6+ Be7 17. Qe4 b6 18. dxe7 Rc8 19. Qxg4 Nb4 20. Qxf5 1-0

[Event "AUTO-BEG-485"]
[Site "http://www.queenalice.com/game.php?id=940874"]
[Date "2011.5.21"]
[Round "1"]
[White "flaabraao"]
[Black "RenanFernandes"]
[Result "1-0"]
[WhiteElo "1268"]
[BlackElo "1415"]

1. Nc3 e5 2. a3 Nc6 3. e3 Nf6 4. d4 b6 5. dxe5 Nxe5 6. Nf3 Neg4 7. Be2 g6 8. O-O
Bd6 9. b4 c6 10. e4 c5 11. Bb2 cxb4 12. Nb5 Bf4 13. g3 Bb7 14. h3 Be5 15. Nxe5
Nxe5 16. Bxe5 Bxe4 17. Qd6 Rc8 18. Bxf6 Rc6 19. Bxd8 Rxd6 20. Nxd6+ Kxd8 21.
Nxf7+ 1-0

[Event "AUTO-BEG-485"]
[Site "http://www.queenalice.com/game.php?id=940875"]
[Date "2011.5.21"]
[Round "1"]
[White "RenanFernandes"]
[Black "flaabraao"]
[Result "0-1"]
[WhiteElo "1390"]
[BlackElo "1290"]

1. e4 e5 2. d4 exd4 3. Qxd4 Nc6 4. Qe3 h6 5. Nf3 g5 6. e5 a6 7. Nc3 Nge7 8. b3
Nf5 9. Qd3 Bg7 10. Qxf5 d6 11. Bc4 Bxf5 12. exd6 Qxd6 13. O-O Bxc3 14. Rb1 O-O-O
15. Bxf7 Bxc2 16. Bb2 Bxb1 17. Bxc3 Bd3 18. Bxh8 Bxf1 19. Kxf1 Qd3+ 20. Ke1 Qb1+
21. Ke2 Qd3+ 22. Ke1 Qd1# 0-1

[Event "AUTO-BEG-485"]
[Site "http://www.queenalice.com/game.php?id=940876"]
[Date "2011.5.21"]
[Round "1"]
[White "flaabraao"]
[Black "fgf2011"]
[Result "0-1"]
[WhiteElo "1303"]
[BlackElo "1650"]

1. e4 e5 2. Nf3 Nf6 3. d3 Nc6 4. a3 Bc5 5. Bg5 h6 6. Bxf6 Qxf6 7. Be2 d6 8. b4
Bb6 9. Nc3 Bg4 10. Nd5 Qe6 11. O-O Ne7 12. Nd2 Bxe2 13. Qxe2 Nxd5 14. exd5 Qf6
15. Nf3 O-O 16. Rfe1 Rfe8 17. c3 c5 18. bxc5 Bxc5 19. Reb1 Bb6 20. a4 Re7 21. c4
Rae8 22. Qe4 Rc7 23. g3 Rb8 24. a5 Bc5 25. Ra2 b6 26. axb6 axb6 27. Rd1 Re7 28.
Ne1 b5 29. Ng2 b4 30. Ra5 Qxf2+ 31. Kh1 b3 32. Qe1 Qxe1+ 33. Nxe1 b2 34. Rb1 Ra7
35. Rxa7 Bxa7 36. Nf3 Be3 37. Nh4 Ra8 38. Rxb2 Ra3 39. Rb8+ Kh7 40. h3 Rxd3 0-1

[Event "AUTO-BEG-485"]
[Site "http://www.queenalice.com/game.php?id=940877"]
[Date "2011.5.21"]
[Round "1"]
[White "fgf2011"]
[Black "flaabraao"]
[Result "1-0"]
[WhiteElo "1647"]
[BlackElo "1303"]

1. e4 c5 2. Nc3 e6 3. Nf3 f6 4. Bc4 Nc6 5. d3 g5 6. h3 a6 7. a3 d6 8. Bd2 b5 9.
Ba2 h6 10. Qe2 b4 11. axb4 Nxb4 12. Bb3 e5 13. Nd5 a5 14. Nxb4 cxb4 15. O-O g4
16. hxg4 Bxg4 17. Qe3 Qd7 18. c3 h5 19. Bd1 Qh7 20. Nh2 Bh6 21. Qe1 Bxd2 22.
Qxd2 Bxd1 23. Qxd1 bxc3 24. bxc3 h4 25. Qg4 Ne7 26. f4 Rg8 27. Qf3 h3 28. g3 Qh4
29. Kf2 Qh6 30. Ke2 Rb8 31. Rab1 Rxb1 32. Rxb1 Kf7 33. Rh1 Ra8 34. Ng4 Qh8 35.
Nf2 h2 36. Ng4 a4 37. Rxh2 Qb8 38. Rh7+ Ke6 39. fxe5 Qb2+ 40. Ke3 1-0

[Event "AUTO-BEG-485"]
[Site "http://www.queenalice.com/game.php?id=940878"]
[Date "2011.5.21"]
[Round "1"]
[White "flaabraao"]
[Black "esatni"]
[Result "0-1"]
[WhiteElo "1315"]
[BlackElo "1410"]

1. d4 e6 2. e4 c5 3. dxc5 Bxc5 4. Be3 b6 5. Bxc5 bxc5 6. Nc3 Nf6 7. Nf3 Nc6 8.
Be2 O-O 9. O-O Rb8 10. b3 h5 11. e5 Ng4 12. h3 Ngxe5 13. Nxe5 Nxe5 14. f3 d5 15.
a4 d4 16. Ne4 f5 17. Nxc5 Nc6 18. Bc4 Rf6 19. Re1 f4 20. Bxe6+ Kf8 21. Ne4 Rxe6
22. Ng5 Qxg5 23. Rxe6 Bxe6 24. Qe1 Re8 25. Qe4 Nb4 26. Qb7 Nxc2 27. Ra2 Ne3 28.
Qxa7 Bxh3 29. Qc5+ Qxc5 30. Ra1 Bxg2 31. a5 d3 32. Kh2 h4 33. Rb1 Qf5 34. Kg1
Qh3 35. Kf2 Qxf3+ 36. Kg1 Ng4 0-1

[Event "AUTO-BEG-485"]
[Site "http://www.queenalice.com/game.php?id=940879"]
[Date "2011.5.21"]
[Round "1"]
[White "esatni"]
[Black "flaabraao"]
[Result "1-0"]
[WhiteElo "1402"]
[BlackElo "1328"]

1. e4 c5 2. Bc4 e6 3. Qf3 Nf6 4. d3 e5 5. Bg5 Nc6 6. c3 Be7 7. Nh3 h6 8. Bh4 g5
9. Bg3 a6 10. O-O d6 11. a3 g4 12. Qd1 gxh3 13. gxh3 Bxh3 14. Ba2 Bxf1 15. Qxf1
Rg8 16. Nd2 Ng4 17. Qh3 Bf8 18. Nc4 b5 19. Ne3 Nxe3 20. fxe3 Qg5 21. Rf1 Qxe3+
22. Kh1 Qxd3 23. Bd5 Kd8 24. Bxc6 Ra7 25. Bh4+ Be7 26. Qxd3 c4 27. Qf3 Bxh4 28.
Qe3 Re7 29. Qb6+ Kc8 30. Qxa6+ Kd8 31. Bxb5 Rg5 32. Qxd6+ 1-0

[Event "Challenge"]
[Site "http://www.queenalice.com/game.php?id=975544"]
[Date "2011.8.22"]
[Round "-"]
[White "flaabraao"]
[Black "Caranca"]
[Result "0-1"]
[WhiteElo "1325"]
[BlackElo "1215"]

1. Nc3 a6 2. Nf3 h6 3. e4 e6 4. d4 d6 5. Be3 Nd7 6. Bd3 Ne7 7. O-O Ng6 8. h3 Nb6
9. b3 Be7 10. e5 Bd7 11. Bxg6 fxg6 12. Qd3 Bc6 13. Qxg6+ Kd7 14. exd6 cxd6 15.
Bxh6 Rxh6 16. Qxg7 Qf8 17. Qxf8 Bxf8 18. Ng5 Rh4 19. Ne2 Bh6 20. g3 Bxg5 21.
gxh4 Bxh4 22. f4 Rg8+ 23. Kh2 Rg2+ 24. Kh1 Rxe2+ 25. Kg1 Rg2+ 26. Kh1 Bg3 27.
Rac1 Rh2+ 28. Kg1 Rh1# 0-1

[Event "Challenge"]
[Site "http://www.queenalice.com/game.php?id=982031"]
[Date "2011.9.6"]
[Round "-"]
[White "flaabraao"]
[Black "Caranca"]
[Result "0-1"]
[WhiteElo "1305"]
[BlackElo "1337"]

1. e4 a6 2. Nf3 h6 3. d4 e6 4. a3 d6 5. Nc3 Ne7 6. Bd3 Nd7 7. Be3 g5 8. g4 b5 9.
b4 Bb7 10. Ne2 Bg7 11. c3 Ng8 12. h3 Ne7 13. Qc2 Ng6 14. Ng3 Nb6 0-1